Zoning law and practice /

Bibliographic Details
Main Author: Yokley, E. C. (Emmett Clinton), 1909-
Format: Book
Language:English
Published: Charlottesville, Va. : Michie Co., 1978-
Edition:4th ed.
Subjects:

MARC

Tag First Indicator Second Indicator Subfields
LEADER 00000cam a22000005i 4500
001 in00000045787
005 20151007075255.0
008 780417m19789999vau 00010 eng d
010 |a  78050664  
020 |a 0872152081 (v.1) 
035 |a (OCoLC)03806113 
035 |9 AAF2932AM 
040 |a GSU  |c GSU  |d TXA  |d UtOrBLW 
049 |a TXAM  |v 1 [1540374]  |v 2 [1540375]  |v 3 [1115510]  |v 4 [1115511]  |v 5 [1115512]  |v 6 [1115513]  |v 7 [1115514]  |v 8 [1115515] 
090 |a KF5698  |b .Y6 1978 
100 1 |a Yokley, E. C.  |q (Emmett Clinton),  |d 1909- 
245 1 0 |a Zoning law and practice /  |c by E. C. Yokley. 
250 |a 4th ed. 
264 1 |a Charlottesville, Va. :  |b Michie Co.,  |c 1978- 
300 |a  volumes ;  |c 24 cm. 
336 |a text  |b txt  |2 rdacontent 
337 |a unmediated  |b n  |2 rdamedia 
338 |a volume  |b nc  |2 rdacarrier 
500 |a Kept up to date by cumulative pocket supplements. 
504 |a Includes bibliographical references. 
500 |a Published by Lexis Law Publishing, 1998- 
650 0 |a Zoning law  |z United States. 
999 |a MARS 
999 f f |s 0518abc4-ff3c-307a-a222-7f8b375d3eaf  |i 0bd0bd02-3836-3c37-8cc7-855539484ae5  |t 0 
952 f f |p normal  |a Texas A&M University  |b College Station  |c Sterling C. Evans Library  |s Evans stk  |d Evans: Library Stacks  |t 0  |e KF5698 .Y6 1978  |h Library of Congress classification  |i unmediated -- volume  |k v.8  |m A14836997949 
998 f f |a KF5698 .Y6 1978  |s v.8  |t 0  |l Evans: Library Stacks